000 00909nam a22003017a 4500
001 8311
003 FISKH
005 20250908163639.0
008 250908b cb ||||| |||| 00| 0 eng d
020 _a9780140547344
040 _aFISKH
_beng
_cFISKH
_dFISKH
050 _aPZ7.D7294 A
082 _a590
100 _aDorros, Arthur
_d(1950-)
245 _aAlligator shoes /
_cBy Arthur Dorros
250 _aThis edition first published in 1982
260 _aNew York :
_bPuffin,
_c1982
300 _a22 unnumbered pages :
_bcolor illustrations ;
_c20 cm
505 _aE
520 _aAn alligator with an interest in footwear spends the night locked in a shoe store trying on the merchandise.
521 8 _a200
_bLexile
521 8 _aE
_bRaz-Plus
650 _2Animal
_aSilly
650 _2Shoes
_aLevel G
700 _aCounihan, Claire
_dillustrator
942 _2ddc
_cBK
_n0
999 _c8311
_d8311